PERIL AT SEA AND SALVAGE:A GUIDE FOR MASTERS (Record no. 6612)
[ view plain ]
| 000 -LEADER | |
|---|---|
| fixed length control field | 00321nam a22000977a 4500 |
| 005 - DATE AND TIME OF LATEST TRANSACTION | |
| control field | 20250901165615.0 |
| 008 - FIXED-LENGTH DATA ELEMENTS--GENERAL INFORMATION | |
| fixed length control field | 240402b |||||||| |||| 00| 0 eng d |
| 050 ## - LIBRARY OF CONGRESS CALL NUMBER | |
| Classification number | VK1491 .P46 2020 |
| 245 ## - TITLE STATEMENT | |
| Title | PERIL AT SEA AND SALVAGE:A GUIDE FOR MASTERS |
| Statement of responsibility, etc. | International chamber of shipping |
| 942 ## - ADDED ENTRY ELEMENTS (KOHA) | |
| Source of classification or shelving scheme | Library of Congress Classification |
| Classification part | VK1491 .P46 2020 |
| Withdrawn status | Lost status | Source of classification or shelving scheme | Damaged status | Not for loan | Home library | Current library | Shelving location | Date acquired | Total checkouts | Total renewals | Full call number | Barcode | Date last seen | Date last checked out | Price effective from | Koha item type |
|---|---|---|---|---|---|---|---|---|---|---|---|---|---|---|---|---|
| Library of Congress Classification | Main Library | Main Library | 04/02/2024 | 2 | 1 | VK1491 .P46 2020 | PIUM0000010 | 10/07/2024 | 04/16/2024 | 04/02/2024 | Books |